Bangkok City Trivia - Statistics

General Stats
  • This quiz has been taken 208 times
  • The average score is 7 of 18
Answer Stats
Clue Answer % Correct
Country that Bangkok is the capital of Thailand
100%
A country that is 144 km away from Bangkok Myanmar
75%
The most practiced religion by Bangkok's population Buddhism
69%
Bangkok's name in the official language of above (short version) Krung Thep
67%
The type of food that Bangkok is famous for {Street}food
55%
Peninsula near which Bangkok is located {Indochinese} Peninsula
49%
River on which Bangkok is located Chao Phraya
45%
The name of the popular international airport in Bangkok {Suvarnabhumi} Airport
45%
The largest market in Bangkok Chatuchak
40%
The annual festival in Bangkok that celebrates Thai New Year Songkran
34%
The sea, which is about 5 km away from Bangkok South China Sea
32%
The name of the large public park in Bangkok Lumpini
26%
The most famous temple in Bangkok Wat Phra Kaew
22%
Name of Bangkok's main shopping district Sukhumvit
18%
Traditional dance that is performed in Bangkok {Khon} dance
12%
Common souvenirs you can buy in Bangkok Thai silk | handicraft
7%
Famous singer known for his international pop career who was born in Bangkok Bird Thongchai
2%
An independent film director, film producer, and professor at Tama Art University in Tokyo, who was born in Bangkok Apichatpong Weerasethakul
0%
No matching quizzes found
Score Distribution
Percent of People with Each Score
Percentile by Number Answered
Your Score History
You have not taken this quiz